000 00722nam a2200253Ia 4500
003 OSt
005 20220925203817.0
006 a|||||r|||| 00| 0
007 ta
008 220923b |||||||| |||| 00| 0 eng d
020 _a0131183567
037 _cGeneral Book
040 _aRTL
_cRTL
_beng
041 _2eng
_aeng
082 _aX;1:(S:44), M0
100 _aDeebruicker F Stewart
_9267052
245 0 _aCases in consumer behavior
260 _aEnglewood
_bCliffs Prentice-Hall
_c1980
300 _axii,415p
_ccm.
650 _aConsumption Economics
700 _a Ward Scott
_9267053
942 _hX;1:(S:44), M0
_cGB
_2CC
999 _c547786
_d547786